000 01034cam a2200301 4500
001 J3237
008 090401t1995 xxu||||| |||| 00| 0 eng d
035 _a(Sirsi) u53832
041 _aeng
050 _a692.8
090 _aJCT 1995/17AC
110 _aJoint Contracts Tribunal
_93664
245 _aStandard Forms of Building Contract. Practice Note 28: Mediation on a building contract or sub-contract dispute.
260 _aLondon
_bRIBA Publications
_c1995
300 _a8p. ; 30cm.
350 _a7.5
490 _aJCT Practice Note
_v28
520 _aExample A: Mediation agreement Example B: Agreement appointing a mediator Example C: Agreement following the resolution of a dispute after a mediation.
650 _aBUILT ENVIRONMENT-BUILDING CONTRACT FORMS
650 _aDISPUTE RESOLUTION
_96236
650 _aMEDIATION AGREEMENTS
650 _aMEDIATORS
650 _aPRACTICE NOTE 28
650 _aSUBCONTRACTS
690 _aBUILT ENVIRONMENT-BUILDING CONTRACT FORMS
942 _n0
948 _c04/03/1997
999 _c93344
_d93344